Chitwan National Park Wildlife - Statistics

General Stats
  • This quiz has been taken 19 times
  • The average score is 47 of 72
Answer Stats
Picture Answer % Correct
Striped Hyena
100%
Tiger
100%
Asian Common Toad
89%
Asian Elephant
89%
Bar Headed Goose
89%
Chital Deer
89%
Dhole
89%
Gaur
89%
Gharial
89%
Golden Jackal
89%
Honey Badger
89%
Indian Crested Porcupine
89%
Indian Peafowl
89%
Indian Rhinoceros
89%
Leopard
89%
Mugger Crocodile
89%
Red Junglefowl
89%
Rhesus Macaque
89%
Sloth Bear
89%
Smooth Coated Otter
89%
Thick Tailed Pangolin
89%
Asian Woolly Necked Stork
78%
Bengal Florican
78%
Burmese Python
78%
Elongated Tortoise
78%
Fishing Cat
78%
Great Hornbill
78%
King Cobra
78%
Leopard Cat
78%
Northern Red Muntjac
78%
Oriental House Gecko
78%
Wild Boar
78%
Yellow Throated Marten
78%
Asian Palm Civet
67%
Common Merganser
67%
Coppersmith Barbet
67%
Crab Eating Mongoose
67%
Ganges Softshell Turtle
67%
Indian Hare
67%
Indian Pitta
67%
Indian Roller
67%
Jungle Cat
67%
Lesser Adjutant
67%
Plum Headed Parrot
67%
Sambar Deer
67%
Spotted Dove
67%
Tarai Grey Langur
67%
White Throated Kingfisher
67%
Bengal Fox
56%
Indian Paradise Flycatcher
56%
Oriental Darter
56%
Ruddy Shelduck
56%
Bengal Monitor Lizard
44%
Four Horned Antelope
44%
Greater Coucal
44%
Hispid Hare
44%
Indian Hog Deer
44%
Indus Valley Bullfrog
44%
Jungle Owlet
44%
Pallas's Fish Eagle
44%
Slender Billed Vulture
44%
Spotted Linsang
44%
Oriental Garden Lizard
33%
Oriental Rat Snake
33%
Swamp Francolin
33%
White Rumped Vulture
33%
Indian Wolf Snake
22%
Large Indian Civet
22%
Small Indian Civet
22%
Greater Spotted Eagle
11%
Indian Black Turtle
11%
Indian Flapshell Turtle
11%
No matching quizzes found
Score Distribution
Percent of People with Each Score
Percentile by Number Answered
Your Score History
You have not taken this quiz